000 00812nam a2200289Ia 4500
005 20260324131329.0
008 008 260324s9999 xx 000 0 eng d
020 _a9781315045726
037 _aEBOOK
040 _aCRL
040 _beng
040 _cCRL
041 _2eng
041 _aeng
084 _qCRL
100 _aMargaret R. Rogers; Bernice Lott
_91185106
245 0 _aHelping Nonmainstream Families Achieve Equity Within the Context of School-Based Consulting
245 2 _bA Special Double Issue of the Journal of Educational and Psychological Consultation
260 _bTaylor and Francis
260 _c2006
365 _a
365 _b150
856 _uhttp://www.taylorfrancis.com/books/9781315045726
942 _cEBOOK
999 _c1782147
_d1782147